000
00318 a2200133 4500
001
155831
040
_c
Escola São Tomás de Aquino
100
_a
TORERO, José Roberto
240
1
0
_a
O diário de Lelê
_l
por
245
1
0
_a
O diário de Lelê
362
0
_a
2009
697
_a
*LITERATURA INFANTO JUVENIL
942
_c
BK
999
_c
155831
_d
155831